ইকবাল: (Record no. 27462)

MARC details
000 -LEADER
fixed length control field 00747nam a22002057a 4500
003 - CONTROL NUMBER IDENTIFIER
control field BDDh-ASL
005 - DATE AND TIME OF LATEST TRANSACTION
control field 20231016062615.0
008 - FIXED-LENGTH DATA ELEMENTS--GENERAL INFORMATION
fixed length control field 201117s19491945ii ||||| |||| 00| 0 b d
040 ## - CATALOGING SOURCE
Original cataloging agency BDDh-ASL
Transcribing agency BDDh-ASL
041 ## - LANGUAGE CODE
Language code of text/sound track or separate title ben
082 ## - DEWEY DECIMAL CLASSIFICATION NUMBER
Classification number 928
Item number SHI
100 1# - MAIN ENTRY--PERSONAL NAME
9 (RLIN) 796
Personal name শহীদুল্লাহ্, ডক্টর মুহম্মদ
245 10 - TITLE STATEMENT
Title ইকবাল:
Remainder of title জীবনী ও বাণী /
246 ## - VARYING FORM OF TITLE
Title proper/short title Iqbal
260 ## - PUBLICATION, DISTRIBUTION, ETC.
Place of publication, distribution, etc. ঢাকা:
Name of publisher, distributor, etc. রেনেসাঁস পাব্লিকেশনস,
Date of publication, distribution, etc. ১৯৪৯।
300 ## - PHYSICAL DESCRIPTION
Extent ৮৪ পৃষ্ঠা, :
Dimensions ২২ সে. মি.
600 10 - SUBJECT ADDED ENTRY--PERSONAL NAME
9 (RLIN) 5664
Personal name ইকবাল
650 #0 - SUBJECT ADDED ENTRY--TOPICAL TERM
Topical term or geographic name entry element biographical dictionary - চরিতাভিধান
9 (RLIN) 4665
942 ## - ADDED ENTRY ELEMENTS (KOHA)
Source of classification or shelving scheme Dewey Decimal Classification
Koha item type Books
Holdings
Withdrawn status Lost status Source of classification or shelving scheme Damaged status Not for loan Collection code Home library Current library Shelving location Date acquired Source of acquisition Total Checkouts Full call number Barcode Date last seen Copy number Price effective from Koha item type Public note
    Dewey Decimal Classification     Non-fiction Asiatic Society Library Asiatic Society Library General Stacks 11/03/2021 ASB Collection   928 SHI 113576 11/03/2021 C-1 11/03/2021 Books RARE

Powered by Koha